00244nam a2200109Ia 4500100002400000654001500024245002800039260003400067082001300101300000800114546001200122 aSchalkoff/Robert J  aartificial aArtificial intelligence bMc Graw HillaNew Delhic1990 a6.3bSCH a646 aENGLISH